000
00301 a2200133 4500
000
nam a22 7a 4500
100
_a
riley
110
_a
riley
245
_a
Cell Culture: Techniques and Applications
250
_a
latest
260
_b
cell pub
_c
2026
264
_b
cell pub
_c
2026
942
_c
BK
999
_c
394905
_d
394905